Music Quiz

Random Music or Musical Quiz
Score 0/300 Timer 10:00
0 Plays Today
% Correct
a
88.2%
a
88.2%
a
88.2%
I
85.3%
I
85.3%
I
85.3%
I
85.3%
I
85.3%
I
85.3%
I
85.3%
I
85.3%
I
85.3%
I
85.3%
I
85.3%
I
85.3%
I
85.3%
I
85.3%
I
85.3%
I
85.3%
I
85.3%
I
85.3%
I
85.3%
my
82.4%
My
82.4%
me
82.4%
My-
82.4%
my
82.4%
me
82.4%
me
82.4%
me
82.4%
my-'
82.4%
me
82.4%
my-'
82.4%
me,
82.4%
my
82.4%
the
76.5%
And
76.5%
you
76.5%
you
76.5%
the
76.5%
you
76.5%
you
76.5%
you
76.5%
And
76.5%
you
76.5%
to
76.5%
you
76.5%
to
76.5%
you
76.5%
you
76.5%
you
76.5%
you
76.5%
you
76.5%
And
76.5%
you
76.5%
You
76.5%
the
76.5%
The
76.5%
and
76.5%
you
76.5%
an
76.5%
and
76.5%
and
76.5%
and
76.5%
to
76.5%
you
76.5%
you
76.5%
and
76.5%
with
73.5%
with
73.5%
with
73.5%
with
73.5%
with
73.5%
with
73.5%
with
73.5%
with
73.5%
up
70.6%
in
70.6%
it's
70.6%
do
70.6%
in
70.6%
it
70.6%
Hey
70.6%
it's
70.6%
'Hey!
70.6%
It's
70.6%
Hey,
70.6%
thin
70.6%
thin
70.6%
do
70.6%
do
70.6%
it?
70.6%
so
70.6%
'Hey!
70.6%
It's
70.6%
hey,
70.6%
so
70.6%
wake
67.6%
just
67.6%
want
67.6%
% Correct
want,
67.6%
just
67.6%
When
67.6%
tight
67.6%
we
67.6%
just
67.6%
just
67.6%
we
67.6%
we
67.6%
When
67.6%
be
67.6%
just
67.6%
tight
67.6%
morning
64.7%
all
64.7%
all
64.7%
love
64.7%
love
64.7%
all
64.7%
we're
64.7%
love
64.7%
more
64.7%
than
64.7%
there,
64.7%
that?
64.7%
We're
64.7%
of
64.7%
see
64.7%
of
64.7%
we're
64.7%
there
64.7%
were
64.7%
no
64.7%
Any
64.7%
there
64.7%
Any
64.7%
there
64.7%
Any
64.7%
all
64.7%
Any
64.7%
all
64.7%
that
64.7%
Morning,
64.7%
that
64.7%
for
61.8%
need
61.8%
for
61.8%
way
61.8%
long
61.8%
But
61.8%
anything
61.8%
Joe!
61.8%
friend!
61.8%
can
61.8%
two
61.8%
us
61.8%
stick
61.8%
But
61.8%
tell
61.8%
stick
61.8%
stick
61.8%
way
61.8%
us
61.8%
Ha
61.8%
ha...
61.8%
can
61.8%
But
61.8%
tell
61.8%
Look
61.8%
You're
58.8%
you're
58.8%
hold
58.8%
hold
58.8%
know
58.8%
now
58.8%
Joey?
58.8%
knooow!
58.8%
like
58.8%
being
58.8%
like
58.8%
being
58.8%
like
58.8%
being
58.8%
like
58.8%
being
58.8%
best
58.8%
As
58.8%
anyone
58.8%
say
58.8%
them
58.8%
at
58.8%
at
58.8%
she
58.8%
say,
58.8%
how
58.8%
How
58.8%
them,
58.8%
at
58.8%
pigtails
58.8%
nothing
55.9%
% Correct
new
55.9%
through
55.9%
Still,
55.9%
grows
55.9%
night
55.9%
I'll
55.9%
embrace
55.9%
have
55.9%
have
55.9%
have
55.9%
have
55.9%
quick
55.9%
out
55.9%
friends
55.9%
People
55.9%
quite
55.9%
unlikely
55.9%
should
55.9%
through
55.9%
through
55.9%
out
55.9%
out
55.9%
have
55.9%
People
55.9%
You'd
55.9%
think
55.9%
mind
52.9%
cuddle
52.9%
'till
52.9%
blue
52.9%
seems
52.9%
taboo
52.9%
She's
52.9%
might
52.9%
explode,
52.9%
going
50%
ball!
50%
slick?
50%
Run
47.1%
hours
47.1%
wanna
47.1%
sure
47.1%
thick
47.1%
thick
47.1%
sure
47.1%
joke,
47.1%
Oh,
47.1%
Hi,
44.1%
Are
44.1%
are
44.1%
We'll
44.1%
We'll
44.1%
If
44.1%
There's
44.1%
girl
44.1%
that's
44.1%
girl
44.1%
that's
44.1%
girl
44.1%
girl
44.1%
gets
44.1%
together
41.2%
together
41.2%
Fight
41.2%
Fight
41.2%
can't
41.2%
careful
41.2%
...Why?
41.2%
here
38.2%
on
38.2%
win
38.2%
am!
35.3%
Brian!
35.3%
by
35.3%
guys
32.4%
got
32.4%
stay
32.4%
side
32.4%
side
32.4%
Jaime!
32.4%
singing
29.4%
again?
29.4%
thought
29.4%
about
29.4%
Fellas?!
29.4%
fellas!
29.4%
talked
26.5%
God
26.5%
dinosaurs,
26.5%
campers!
26.5%
Thank
23.5%
had
23.5%
dream,
23.5%
eaten!
23.5%
alright!
20.6%
terrible
20.6%
island,
20.6%
everyone
20.6%
Thanks!
17.6%
Ah-
17.6%
Remove Ads.
Support Sporcle.
Get the best of Sporcle when you Go Orange. This ad-free experience offers more features, more stats, and more fun while also helping to support Sporcle. Thank you for becoming a member.

You're not logged in!

Compare scores with friends on all Sporcle quizzes.
OR
Log In

Show Comments

Extras

Top Quizzes Today


Score Distribution

Your Account Isn't Verified!

In order to create a playlist on Sporcle, you need to verify the email address you used during registration. Go to your Sporcle Settings to finish the process.

Report this User

Report this user for behavior that violates our Community Guidelines.

Details: